Nuevos datos sobre Bartolomé de las Casas, obispo de Chiapas / (Record no. 130231)

MARC details
000 -LEADER
campo de control de longitud fija 00634nam a2200193 i 4500
001 - NÚMERO DE CONTROL
campo de control 130231
003 - IDENTIFICADOR DE NÚMERO DE CONTROL
campo de control ES-MaACL
005 - FECHA Y HORA DE LA ÚLTIMA TRANSACCIÓN
campo de control 20250801063037.0
007 - CAMPO FIJO DE DESCRIPCIÓN FÍSICA--INFORMACIÓN GENERAL
campo de control de longitud fija t|
008 - DATOS DE LONGITUD FIJA--INFORMACIÓN GENERAL
campo de control de longitud fija 070724s1984 mx ||||1| spa d
100 1# - ENTRADA PRINCIPAL--NOMBRE DE PERSONA
Nombre de persona Zavala, Silvio,
Fechas asociadas al nombre 1909-2014
9 (RLIN) 118108
245 10 - MENCIÓN DEL TÍTULO
Título Nuevos datos sobre Bartolomé de las Casas, obispo de Chiapas /
Mención de responsabilidad, etc. Silvio Zavala.
260 ## - PUBLICACIÓN, DISTRIBUCIÓN, ETC.
Lugar de publicación, distribución, etc. [México] :
Nombre del editor, distribuidor, etc. [s.n.],
Fecha de publicación, distribución, etc. 1984.
300 ## - DESCRIPCIÓN FÍSICA
Extensión 5 p. ;
Dimensiones 23 cm.
500 ## - NOTA GENERAL
Nota general Es tirada aparte de "Cuadernos Americanos"
600 17 - PUNTO DE ACCESO ADICIONAL DE MATERIA--NOMBRE DE PERSONA
Nombre de persona Casas, Bartolomé de las,
Fechas asociadas al nombre 1474-1566
Fuente del encabezamiento o término embne
9 (RLIN) 140251
852 ## - LOCALIZACIÓN
Ubicación ES-MaACL
Número de control de estantería 2133-F-5
Sublocalización o colección R.106523
Holdings
Estatus retirado Estado de pérdida Estado de daño No para préstamo Colección Biblioteca de origen Biblioteca actual Ubicación en estantería Fecha de adquisición Fuente de adquisición Total de préstamos Signatura topográfica completa Código de barras Visto por última vez Precio de reemplazo Tipo de ítem Koha
        Colección de folletos Biblioteca del Ateneo de Madrid Biblioteca del Ateneo de Madrid Depósito folletos 17/01/2008     2133-F-5 1135600 23/02/2023 23/02/2023 Folleto